Sports Quiz

Random Sports or Clickable Quiz

Starting Point Guards In the NBA 11/25/17 Quiz Stats

 Plays Quiz not verified by Sporcle

Support Sporcle.
Go Orange.
Score 0/20 Timer 06:00
0 Plays Today
% Correct
Russell Westbrook
100%
Kyle Lowry
98.6%
Kyrie Irving
98.6%
Stephen Curry
98.6%
Damian Lillard
97.1%
Dennis Schroder
97.1%
Chris Paul
97.1%
De'aaron Fox
97.1%
Austin Rivers
95.7%
Elfrid Payton
94.3%
% Correct
Kemba Walker
92.9%
Patty Mills
92.9%
Dennis Smith Jr.
90%
Ricky Rubio
90%
TJ McConnell
88.6%
Jrue Holiday
88.6%
Eric Bledsoe
87.1%
Tim Frazier
85.7%
Darren Collison
80%
Jarret Jack
80%

You're not logged in!

Compare scores with friends on all Sporcle quizzes.
OR
Log In

From the Vault

Star Wars: Characters by First and Last Lines

by lucyinthesky9

Apparently a new Star Wars film is coming out soon. I guess it's supposed to be kind of a big deal.
Remove Ads.
Support Sporcle.
Get the best of Sporcle when you Go Orange. This ad-free experience offers more features, more stats, and more fun while also helping to support Sporcle. Thank you for becoming a member.

Show Comments

Extras

Top Quizzes Today


Score Distribution

Your Account Isn't Verified!

In order to create a playlist on Sporcle, you need to verify the email address you used during registration. Go to your Sporcle Settings to finish the process.

Report this User

Report this user for behavior that violates our Community Guidelines.

Details: